[Event "Prague Golden op"]
[Site "Prague"]
[Date "2022.07.10"]
[Round "2"]
[White "Vavrova, Jirina"]
[Black "Zacek, Petr1111"]
[Result "0-1"]
[WhiteElo "1036"]
[BlackElo "1393"]
[PlyCount "74"]
[EventDate "2022.07.09"]
[EventType "swiss"]
[EventRounds "9"]
[EventCountry "CZE"]
[SourceTitle "CBM 209 Extra"]
[Source "ChessBase"]
[SourceDate "2022.09.30"]
[SourceVersion "1"]
[SourceVersionDate "2022.09.30"]
[SourceQuality "1"]

1. e4 c5 2. Nf3 d6 3. Bc4 e6 4. Nc3 a6 5. d4 cxd4 6. Nxd4 Nf6 7. Nf3 Be7 8. 0-0 Qc7 9. b3 b5 10. Nxb5 axb5 11. Bxb5+ Bd7 12. Bd3 0-0 13. Bg5 h6 14. Bf4 Nc6 15. c3 e5 16. Be3 Bg4 17. Qd2 Bxf3 18. gxf3 Nh7 19. Kh1 Bg5 20. Rg1 Qe7 21. Rg3 f6 22. Bc4+ Kh8 23. Rag1 Rac8 24. Ba6 Rc7 25. Bc4 Na5 26. Bd5 Rfc8 27. c4 Nc6 28. Qe1 Ra8 29. Qe2 Ra5 30. Bb6 Nd4 31. Bxd4 exd4 32. Qe1 Rxa2 33. R3g2 Rca7 34. Qb4 Qd8 35. Be6 R7a6 36. Bf5 Rb6 37. Qe1 Rxb3 0-1

[Event "Prague Golden op"]
[Site "Prague"]
[Date "2021.07.16"]
[Round "7"]
[White "Melnikov, Ivan"]
[Black "Vavrova, Jirina"]
[Result "1-0"]
[WhiteElo "1319"]
[BlackElo "1036"]
[PlyCount "53"]
[EventDate "2021.07.10"]
[EventType "swiss"]
[EventRounds "9"]
[EventCountry "CZE"]
[SourceTitle "CBM 203 Extra"]
[Source "ChessBase"]
[SourceDate "2021.09.30"]
[SourceVersion "1"]
[SourceVersionDate "2021.09.30"]
[SourceQuality "1"]

1. e4 e5 2. Nf3 Nf6 3. Nxe5 Nc6 4. Nxc6 dxc6 5. e5 Ng4 6. d4 Be6 7. Be2 h5 8. h3 Qd5 9. Bf3 Bb4+ 10. c3 Qa5 11. hxg4 Be7 12. Be3 h4 13. b4 Qb5 14. Qc2 Bd5 15. Be2 Bc4 16. Na3 Qd5 17. Bxc4 Qxg2 18. 0-0-0 g5 19. Qf5 Rf8 20. Rdg1 Qxg1+ 21. Rxg1 h3 22. Bxg5 f6 23. exf6 h2 24. Rh1 Bd6 25. Re1+ Kd8 26. f7+ Be7 27. Bxe7# 1-0

[Event "Prague Golden op 14th"]
[Site "Prague"]
[Date "2018.07.05"]
[Round "6"]
[White "Vavrova, Jirina"]
[Black "Nemecek, Pavel2222"]
[Result "0-1"]
[WhiteElo "1010"]
[BlackElo "1383"]
[PlyCount "78"]
[EventDate "2018.06.30"]
[EventType "swiss"]
[EventRounds "9"]
[EventCountry "CZE"]
[SourceTitle "CBM 185 Extra"]
[Source "ChessBase"]
[SourceDate "2018.07.29"]
[SourceVersion "1"]
[SourceVersionDate "2018.07.29"]
[SourceQuality "1"]

1. e4 d5 2. e5 d4 3. d3 c5 4. Nf3 Nc6 5. c3 Bg4 6. h3 Bh5 7. g4 Bg6 8. c4 h6 9. Nh4 Nxe5 10. Bf4 Nc6 11. Bg2 Qd7 12. Qd2 Bh7 13. Nf3 e6 14. g5 hxg5 15. Bxg5 f6 16. Bh4 Nb4 17. a3 Nxd3+ 18. Kd1 Bd6 19. Ne1 Qa4+ 20. b3 Qxb3+ 21. Nc2 Nf4 22. Bxb7 Qxb7 23. Bg3 Qxh1+ 24. Ne1 Qxh3 25. Bxf4 Qb3+ 26. Ke2 Bxf4 27. Qxf4 Qb2+ 28. Nd2 Qxa1 29. Qe4 Bxe4 30. Nxe4 Qb2+ 31. Kf1 Rh1+ 32. Kg2 Rxe1 33. Nd6+ Kd7 34. Ne4 Rxe4 35. a4 Re2 36. a5 Rxf2+ 37. Kg3 Qe2 38. a6 Qf3+ 39. Kh4 g5# 0-1

[Event "Prague Golden op 14th"]
[Site "Prague"]
[Date "2018.07.02"]
[Round "3"]
[White "Vavrova, Jirina"]
[Black "Postranecka, Zuzana"]
[Result "0-1"]
[WhiteElo "1010"]
[BlackElo "1501"]
[PlyCount "78"]
[EventDate "2018.06.30"]
[EventType "swiss"]
[EventRounds "9"]
[EventCountry "CZE"]
[SourceTitle "CBM 185 Extra"]
[Source "ChessBase"]
[SourceDate "2018.07.29"]
[SourceVersion "1"]
[SourceVersionDate "2018.07.29"]
[SourceQuality "1"]

1. e4 e5 2. Nf3 Nf6 3. Nc3 Nc6 4. d4 exd4 5. Nxd4 Bb4 6. a3 Bxc3+ 7. bxc3 Nxe4 8. Qd3 Qe7 9. Nf5 Nc5+ 10. Nxe7 Nxd3+ 11. cxd3 Nxe7 12. Be2 0-0 13. 0-0 Re8 14. Bg5 Nd5 15. Bd2 Rxe2 16. Rfe1 Rxe1+ 17. Rxe1 Nf6 18. Bg5 b6 19. Bxf6 gxf6 20. Re8+ Kg7 21. h4 Bb7 22. Re7 Bc6 23. h5 f5 24. Re5 Kf6 25. d4 d6 26. Re3 f4 27. Rd3 Be4 28. Rd2 Rg8 29. g3 fxg3 30. fxg3 Rxg3+ 31. Kh2 Rxc3 32. Rf2+ Rf3 33. Re2 Kf5 34. a4 Kf4 35. Re1 Rf2+ 36. Kg1 Rg2+ 37. Kf1 Kf3 38. Ra1 Bd3+ 39. Ke1 Ke3 0-1

[Event "Prague Golden op 13th"]
[Site "Prague"]
[Date "2017.07.09"]
[Round "9"]
[White "Vavrova, Jirina"]
[Black "Rous, Dominik"]
[Result "0-1"]
[WhiteElo "1095"]
[BlackElo "1148"]
[PlyCount "136"]
[EventDate "2017.07.01"]
[EventType "swiss"]
[EventRounds "9"]
[EventCountry "CZE"]
[SourceTitle "EXT 2018"]
[Source "ChessBase"]
[SourceDate "2017.10.13"]
[SourceVersion "1"]
[SourceVersionDate "2017.10.13"]
[SourceQuality "1"]

1. e4 e5 2. Nf3 Nc6 3. Nc3 Bc5 4. Bc4 d6 5. d3 Nf6 6. Ng5 0-0 7. a3 h6 8. Bxf7+ Rxf7 9. Nxf7 Kxf7 10. b4 Bd4 11. Bd2 Qf8 12. b5 Ne7 13. h3 Ke8 14. Rb1 Nfd5 15. Qh5+ g6 16. Qe2 Nxc3 17. Bxc3 Bxc3+ 18. Kf1 Be6 19. f3 Qf4 20. a4 Qd2 21. Rd1 Qxe2+ 22. Kxe2 d5 23. g4 dxe4 24. dxe4 a6 25. Rd3 Bc4 26. Ke3 Bxd3 27. Kxd3 Bd4 28. h4 axb5 29. axb5 Ra3+ 30. Ke2 Re3+ 31. Kd2 Rxf3 32. Rb1 Rf4 33. c3 Bc5 34. Ra1 Rxg4 35. Ra8+ Kd7 36. Rh8 Rxh4 37. c4 h5 38. Rh7 Rf4 39. Kd3 Rf3+ 40. Ke2 Re3+ 41. Kd2 Rxe4 42. Kd3 Rf4 43. Rh8 h4 44. Rb8 b6 45. Ra8 h3 46. Ra1 h2 47. Rh1 Rh4 48. Ke2 e4 49. Kf1 Bd6 50. Ke2 Rg4 51. Ke3 Rg1 52. Rxh2 Bxh2 53. Kxe4 Rf1 54. Ke3 g5 55. Ke2 Rf8 56. Kd3 g4 57. Kd4 g3 58. c5 bxc5+ 59. Kxc5 g2 60. b6 g1Q+ 61. Kb5 Qxb6+ 62. Kc4 Qd6 63. Kb5 Rf5+ 64. Kc4 Qf4+ 65. Kd3 Re5 66. Kc3 Re3+ 67. Kd2 Qf2+ 68. Kd1 Re1# 0-1

[Event "Prague Golden op 13th"]
[Site "Prague"]
[Date "2017.07.03"]
[Round "3"]
[White "Nemecek, Pavel2222"]
[Black "Vavrova, Jirina"]
[Result "1-0"]
[WhiteElo "1363"]
[BlackElo "1022"]
[PlyCount "41"]
[EventDate "2017.07.01"]
[EventType "swiss"]
[EventRounds "9"]
[EventCountry "CZE"]
[SourceTitle "CBM 179 Extra"]
[Source "ChessBase"]
[SourceDate "2017.08.23"]
[SourceVersion "1"]
[SourceVersionDate "2017.08.23"]
[SourceQuality "1"]

1. e4 d5 2. exd5 Qxd5 3. Nc3 Qd7 4. Nf3 e6 5. d4 Bb4 6. Bd2 Nf6 7. a3 Be7 8. Bf4 Nh5 9. Ne5 Qd8 10. Qxh5 g6 11. Qd1 Bd6 12. Qd2 f6 13. Nf3 g5 14. Bxd6 Qxd6 15. 0-0-0 Nc6 16. d5 Ne5 17. Nxe5 Qxe5 18. Bb5+ Bd7 19. Bxd7+ Kxd7 20. dxe6+ Kxe6 21. Qd7# 1-0

[Event "Prague Golden op 13th"]
[Site "Prague"]
[Date "2017.07.02"]
[Round "2"]
[White "Konvalinka, Vladislav"]
[Black "Vavrova, Jirina"]
[Result "1-0"]
[WhiteElo "1761"]
[BlackElo "1022"]
[PlyCount "49"]
[EventDate "2017.07.01"]
[EventType "swiss"]
[EventRounds "9"]
[EventCountry "CZE"]
[SourceTitle "CBM 179 Extra"]
[Source "ChessBase"]
[SourceDate "2017.08.23"]
[SourceVersion "1"]
[SourceVersionDate "2017.08.23"]
[SourceQuality "1"]

1. d4 Nf6 2. c4 g6 3. Nc3 Bg7 4. Nf3 d5 5. cxd5 Nxd5 6. Bd2 Bf5 7. Qb3 b6 8. Qxd5 Qxd5 9. Nxd5 Kd7 10. Bf4 c6 11. Nc3 Na6 12. e4 Bg4 13. Bxa6 Bxf3 14. gxf3 Bxd4 15. 0-0-0 c5 16. Be5 f6 17. Bxd4 cxd4 18. Rxd4+ Ke8 19. Rhd1 Kf7 20. Rd7 g5 21. Bc4+ Kg6 22. Rxe7 Rac8 23. Be6 Rhe8 24. Bf5+ Kh6 25. Rxh7# 1-0